Recuerdos de México (Record no. 3619)

MARC details
000 -CABECERA
campo de control de longitud fija 00786nam a2200229 a 4500
001 - NÚMERO DE CONTROL
campo de control BRCA_3891
005 - FECHA Y HORA DE LA ÚLTIMA TRANSACCIÓN
campo de control 20190320204450.0
008 - DATOS DE LONGITUD FIJA--INFORMACIÓN GENERAL
campo de control de longitud fija 050110s1870----mx-#######---#000-0#spa-#
041 ## - CÓDIGO DE LENGUA
Código de lengua del texto/banda sonora o título independiente spa
044 ## - CÓDIGO DEL PAÍS DE LA ENTIDAD EDITORA/PRODUCTORA
Código MARC del país mx
050 #4 - SIGNATURA TOPOGRÁFICA DE LA BIBLIOTECA DEL CONGRESO
Número de clasificación F1233.M3
Número de documento/Ítem .B37 1870
100 1# - ENTRADA PRINCIPAL--NOMBRE DE PERSONA
Nombre de persona Basch, Samuel Siegfried Karl, ritter von
Fechas asociadas al nombre 1837-1905
9 (RLIN) 9954
245 10 - MENCIÓN DE TÍTULO
Título Recuerdos de México
Resto del título memorias del médico ordinario del emperador Maximiliano, 1866-1867
Mención de responsabilidad, etc. Samuel Basch ; obra traducida del italiano al español por el doctor Manuel Peredo
260 ## - PUBLICACIÓN, DISTRIBUCIÓN, ETC.
Lugar de publicación, distribución, etc. México
Nombre del editor, distribuidor, etc. N. Chavéz
Fecha de publicación, distribución, etc. 1870
300 ## - DESCRIPCIÓN FÍSICA
Extensión 479 p.
Dimensiones 23 cm.
500 ## - NOTA GENERAL
Nota general C101
600 14 - PUNTO DE ACCESO ADICIONAL DE MATERIA--NOMBRE DE PERSONA
Nombre de persona Maximiliano
9 (RLIN) 10121
651 #4 - PUNTO DE ACCESO ADICIONAL DE MATERIA--NOMBRE GEOGRÁFICO
Nombre geográfico México
Subdivisión general Historia
Subdivisión cronológica Intervención francesa, 1861-1867
9 (RLIN) 10122
700 1# - PUNTO DE ACCESO ADICIONAL--NOMBRE DE PERSONA
Nombre de persona Peredo, Manuel
Término indicativo de función/relación tr
9 (RLIN) 10123
902 ## - CATALOGADOR
Iniciales GFM
942 ## - ELEMENTOS DE PUNTO DE ACCESO ADICIONAL (KOHA)
Fuente del sistema de clasificación o colocación Library of Congress Classification
Tipo de ítem Koha Libros
Holdings
Estado de retiro Estado de pérdida Estado dañado No para préstamo Localización permanente Ubicación/localización actual Fecha de adquisición Número de inventario Total de préstamos Signatura topográfica completa Código de barras Fecha visto por última vez Precio válido a partir de Tipo de ítem Koha
El ejemplar forma parte de la colección y puede ser consultado según las políticas vigentes.       Biblioteca del Museo Franz Mayer (Rogerio Casas-Alatriste) Biblioteca del Museo Franz Mayer (Rogerio Casas-Alatriste) 05/01/2010 C101   F1233.M3 .B37 1870 (C101) 3888 22/03/2019 22/03/2019 Libros